Implementácia analytických techník zameraných na zhodnotenie vnútorných a vonkajších faktorov ovplyvňujúcich úspešnosť obchodného podniku bakalárska práca

Gespeichert in:
Bibliographische Detailangaben
1. Verfasser: Sabová, Daniela
Körperschaft: Podnikovohospodárska fakulta EU so sídlom v Košiciach. Katedra ekonómie a manažmentu
Weitere Verfasser: Dugas, Jaroslav, 1967-
Format: Buch
Sprache:Slowakisch
Veröffentlicht: Košice 2025
Tags: Tag hinzufügen
Keine Tags, Fügen Sie das erste Tag hinzu!

MARC

LEADER 00000nbm a2200000 4500
001 0310878
005 20260225125127.5
041 0 |a slo 
044 |a SK 
245 1 0 |a Implementácia analytických techník zameraných na zhodnotenie vnútorných a vonkajších faktorov ovplyvňujúcich úspešnosť obchodného podniku  |b bakalárska práca  |c Daniela Sabová ; školiteľ: Jaroslav Dugas 
264 1 |a Košice  |c 2025 
300 |a 54 s. 
100 1 |a Sabová, Daniela 
700 1 |a Dugas, Jaroslav, 1967- 
710 2 |a Podnikovohospodárska fakulta EU so sídlom v Košiciach. Katedra ekonómie a manažmentu